000 00470cam a2200145 4500500
005 20260329015603.0
041 _afre
042 _adc
100 1 0 _aMoncorgé, Richard
_eauthor
245 0 0 _aPassive saturable absorber materials for short-pulse lasers
260 _c2026.
500 _a9
786 0 _nOptics and photonics | - | 2026-03-05 | p. 24-24
856 4 1 _uhttps://stm.cairn.info/laser-sources--bdti42452210-e6362-page-24?lang=en&redirect-ssocas=7080
999 _c1899211
_d1899211